00452nam a2200193Ia 4500008004100000020001800041050001400059100001400073245001900087245002300106245001700129260001300146260003000159260000900189300001500198300002700213300001000240500000800250170918s9999 xx 000 0 und d a9780547576831 bR455 2006 aRex, Adam aFrankenstein : bmakes a sandwich / cby Adam Rex. aBoston : bHoughton Mifflin Company, c2006 a40 pages : bcolored illustration ; c24cm. a670